| 000 | 00461nam a2200169 i 4500 | ||
|---|---|---|---|
| 001 | bg | ||
| 100 | 1 | _aBUDZISZ, Feliks | |
| 245 | 0 |
_aRusskij jazyk dlja studentov politechničeskich institutov / _cFeliks Budzisz, Włodzimierz Jurec, Janusz Rudak. |
|
| 260 |
_aGdańsk, _c1974. |
||
| 700 | 1 | _aJUREC, Włodzimerz | |
| 700 | 1 | _aRUDAK, Janusz | |
| 040 | _cBPK | ||
| 041 | _apol | ||
| 080 | _a808.2 | ||
| 942 | _cKS | ||
| 008 | s pl f |000 0 pol | ||
| 999 |
_c26427 _d26427 |
||
| 856 |
_uhttp://koha.tu.koszalin.pl/cgi-bin/koha/opac-detail.pl?biblionumber=26427 _yKatalog online BPK |
||